[Event "Fujairah Masters 2012"]
[Site "Fujairah City UAE"]
[Date "2012.11.16"]
[Round "4.20"]
[White "Omar, Noaman"]
[Black "Vishnu Prasanna, V"]
[Result "0-1"]
[WhiteTitle "IM"]
[BlackTitle "IM"]
[WhiteElo "2313"]
[BlackElo "2463"]
[WhiteFideId "9300244"]
[BlackFideId "5030692"]
[EventDate "2012.11.13"]

1. d4 Nf6 2. c4 g6 3. Nc3 Bg7 4. e4 d6 5. f3 O-O 6. Be3 Nc6 7. Nge2 a6 8. h4 Re8
9. Qd2 Na5 10. Ng3 b5 11. h5 Be6 12. Nd5 c6 13. Nxf6+ exf6 14. d5 Bd7 15. dxc6
Bxc6 16. O-O-O Nxc4 17. Bxc4 bxc4 18. Ne2 d5 19. h6 Bf8 20. exd5 Bxd5 21. Qxd5
Qxd5 22. Rxd5 Rxe3 23. Nc3 f5 24. Kc2 Re6 25. Rh4 Rc6 26. a4 f6 0-1

[Event "Fujairah Masters 2012"]
[Site "Fujairah City UAE"]
[Date "2012.11.16"]
[Round "4.21"]
[White "Debashis, Das"]
[Black "Anurag, Mhamal"]
[Result "1-0"]
[WhiteTitle "IM"]
[BlackTitle "FM"]
[WhiteElo "2451"]
[BlackElo "2392"]
[WhiteFideId "5024854"]
[BlackFideId "5024366"]
[EventDate "2012.11.13"]

1. e4 c5 2. Nf3 e6 3. d4 cxd4 4. Nxd4 a6 5. Bd3 Nf6 6. O-O Qc7 7. Qe2 h5 8. Nd2
Bc5 9. N4b3 Ng4 10. g3 Ba7 11. Nc4 b5 12. Ne3 Ne5 13. a4 b4 14. Nc4 Nbc6 15.
Nxe5 Nxe5 16. Be3 h4 17. a5 Bxe3 18. Qxe3 hxg3 19. hxg3 Bb7 20. Qb6 Rc8 21. Qxc7
Rxc7 22. Ra4 f5 23. Rxb4 d5 24. exf5 d4 25. f3 exf5 26. Re1 Re7 27. Rxe5 Rxe5
28. Rxb7 1-0

[Event "Fujairah Masters 2012"]
[Site "Fujairah City UAE"]
[Date "2012.11.16"]
[Round "4.23"]
[White "Atabayev, Yusup"]
[Black "Asabri, Hussien"]
[Result "0-1"]
[WhiteTitle "FM"]
[BlackTitle "FM"]
[WhiteElo "2407"]
[BlackElo "2202"]
[WhiteFideId "14001128"]
[BlackFideId "9200177"]
[EventDate "2012.11.13"]

1. e4 e5 2. Nf3 Nc6 3. Bb5 a6 4. Ba4 Nf6 5. O-O b5 6. Bb3 Bc5 7. c3 d6 8. d4 Bb6
9. dxe5 Nxe5 10. Nxe5 dxe5 11. Qf3 Bg4 12. Qg3 Qe7 13. Re1 Bh5 14. Be3 Bxe3 15.
Qxe3 O-O 16. Nd2 Rad8 17. Nf1 Rd6 18. Ng3 Bg6 19. a4 Rfd8 20. axb5 axb5 21. Red1
Rxd1+ 22. Bxd1 h5 23. Bc2 b4 24. f3 bxc3 25. Qxc3 Qd6 26. Kf1 h4 27. Ne2 h3 28.
g4 Qb6 29. Rd1 Rxd1+ 30. Bxd1 Bxe4 31. Qxe5 Bxf3 32. g5 Ne4 33. Nd4 Qxb2 34.
Qe8+ Kh7 35. Nc2 Qb6 0-1

[Event "Fujairah Masters 2012"]
[Site "Fujairah City UAE"]
[Date "2012.11.16"]
[Round "4.25"]
[White "Arjun, Bharat"]
[Black "Chulivska, Vita"]
[Result "1-0"]
[WhiteTitle "CM"]
[BlackTitle "WGM"]
[WhiteElo "2287"]
[BlackElo "2248"]
[WhiteFideId "5032725"]
[BlackFideId "14108917"]
[EventDate "2012.11.13"]

1. Nf3 c5 2. c4 Nc6 3. g3 e5 4. Nc3 d6 5. Bg2 g6 6. O-O Bg7 7. a3 Nge7 8. b4
cxb4 9. axb4 Nxb4 10. Ba3 Nbc6 11. Ne4 O-O 12. Nxd6 a6 13. Rb1 Qc7 14. Ng5 Rb8
15. c5 h6 16. Nxc8 Rfxc8 17. Ne4 b5 18. cxb6 Rxb6 19. Qa4 Rd8 20. Bc5 Rxb1 21.
Rxb1 a5 22. Bb6 Qb8 23. Nc3 Rc8 24. Bxa5 Qd6 25. Nb5 Qc5 26. Bc3 Nd5 27. Bb2 Nb6
28. Qb3 Na5 29. Qa2 Qxb5 30. Bc3 Qxe2 31. Qxa5 Nd7 32. Bh3 Qd3 33. Rb7 Rb8 34.
Rxb8+ Nxb8 35. Qb6 Nd7 36. Qd8+ Kh7 37. Qxd7 Qb1+ 38. Bf1 1-0

[Event "Fujairah Masters 2012"]
[Site "Fujairah City UAE"]
[Date "2012.11.16"]
[Round "4.26"]
[White "Elarbi, Abobker"]
[Black "Ozolins, Aris"]
[Result "1-0"]
[BlackTitle "FM"]
[WhiteElo "2272"]
[BlackElo "2229"]
[WhiteFideId "9200355"]
[BlackFideId "11601671"]
[EventDate "2012.11.13"]

1. d4 Nf6 2. Nf3 g6 3. g3 Bg7 4. Bg2 O-O 5. c4 d6 6. Nc3 c5 7. d5 Bf5 8. Nh4 Bd7
9. O-O Na6 10. e4 Rb8 11. a4 Nb4 12. h3 a6 13. a5 Qc7 14. f4 e6 15. g4 exd5 16.
exd5 h6 17. g5 Nh5 18. gxh6 Bxh6 19. f5 Bg7 20. Ne4 Bd4+ 21. Kh1 Kg7 22. Ra3
Rbe8 23. Qg4 Nf6 24. Nxf6 Bxf6 25. Nxg6 Bxf5 26. Qxf5 fxg6 27. Rg3 Qf7 28. Be4
Rxe4 29. Qxe4 Re8 30. Qf4 Rh8 31. Rgf3 Nd3 32. Rxd3 Qe7 33. Rdf3 1-0

[Event "Fujairah Masters 2012"]
[Site "Fujairah City UAE"]
[Date "2012.11.16"]
[Round "4.27"]
[White "Ben Nasser, Khaled"]
[Black "Mariano, Nelson III"]
[Result "0-1"]
[WhiteTitle "FM"]
[WhiteElo "2215"]
[BlackElo "2270"]
[WhiteFideId "9200223"]
[BlackFideId "5201748"]
[EventDate "2012.11.13"]

1. d4 Nf6 2. Nf3 g6 3. g3 Bg7 4. Bg2 O-O 5. c4 d6 6. Nc3 c6 7. O-O Qa5 8. e4 Bg4
9. h3 Bxf3 10. Bxf3 Nfd7 11. Be3 c5 12. dxc5 Bxc3 13. bxc3 Nxc5 14. e5 Nc6 15.
exd6 Rfd8 16. Qd5 exd6 17. Bg5 Re8 18. Qd2 Ne4 19. Bxe4 Rxe4 20. Bf4 Qc5 21.
Rab1 b6 22. Rbd1 Qxc4 23. Qxd6 Re6 24. Qc7 Qxc3 25. Rd7 Qf6 26. Rfd1 Rae8 27. h4
Qf5 28. Be3 Ne5 29. Rd8 Qh3 30. Rxe8+ Rxe8 31. Qb7 Qg4 32. Qd5 Nf3+ 33. Kf1 h5
34. Qd7 Qc4+ 35. Kg2 Rxe3 36. Qd8+ Kg7 0-1

[Event "Fujairah Masters 2012"]
[Site "Fujairah City UAE"]
[Date "2012.11.16"]
[Round "4.28"]
[White "Salem, Mahjob"]
[Black "Mohannad, Farhan"]
[Result "0-1"]
[BlackTitle "FM"]
[WhiteElo "2200"]
[BlackElo "2257"]
[WhiteFideId "9202110"]
[BlackFideId "8100918"]
[EventDate "2012.11.13"]

1. d4 Nf6 2. Nf3 e6 3. g3 b6 4. Bg2 Bb7 5. O-O c5 6. e3 Be7 7. b3 O-O 8. Bb2 d6
9. c4 Nbd7 10. Nbd2 Qc7 11. Qc2 Rfe8 12. Rfe1 Rac8 13. Rac1 Qb8 14. Qd3 Qa8 15.
Nh4 Bxg2 16. Nxg2 cxd4 17. exd4 d5 18. Ne3 Red8 19. Qf1 Bb4 20. Red1 dxc4 21.
bxc4 a5 22. a3 Bxd2 23. Rxd2 Qb7 24. Rcd1 Ne8 25. Rd3 b5 26. c5 f5 27. h4 Nef6
28. Kh2 f4 29. gxf4 Qc7 30. Qg2 Qxf4+ 31. Kg1 0-1

[Event "Fujairah Masters 2012"]
[Site "Fujairah City UAE"]
[Date "2012.11.17"]
[Round "5.1"]
[White "Ganguly, Surya Shekhar"]
[Black "Fedorchuk, Sergey A."]
[Result "1/2-1/2"]
[WhiteTitle "GM"]
[BlackTitle "GM"]
[WhiteElo "2619"]
[BlackElo "2652"]
[WhiteFideId "5002150"]
[BlackFideId "14102536"]
[EventDate "2012.11.13"]

1. d4 Nf6 2. c4 e6 3. g3 d5 4. Nf3 dxc4 5. Bg2 a6 6. O-O Nc6 7. e3 Bd7 8. Qe2
Bd6 9. Qxc4 O-O 10. Rd1 Rb8 11. b3 e5 12. Bb2 Qe7 13. dxe5 Nxe5 14. Nxe5 Bxe5
15. Bxe5 Qxe5 16. Nd2 Be6 17. Qc2 Bg4 18. Re1 Rfd8 19. h3 Be6 20. Nf3 Qa5 21.
Nd4 Bd5 22. e4 Bxe4 23. Rxe4 Nxe4 24. Qxe4 Qc3 25. Nc2 Rd2 26. Re1 g6 27. Ne3
Rbd8 28. Ng4 h5 29. Ne5 R2d4 30. Qb1 Qxe1+ 31. Qxe1 Rd1 32. Qf1 b5 33. Bb7 Rxf1+
34. Kxf1 Rd1+ 35. Kg2 Ra1 36. Bxa6 Rxa2 37. Bb7 c5 38. Nd3 c4 39. bxc4 bxc4 40.
Bd5 Rc2 41. Ne1 Rc1 42. Kf1 c3 43. Bb3 Kg7 44. Ke2 f5 45. h4 Kf6 46. Nd3 Ra1 47.
Nf4 Rc1 48. Kd3 Rf1 49. Ke3 Re1+ 50. Kd4 Rf1 51. Nd3 f4 52. Nxf4 Rxf2 53. Nd5+
Kf5 54. Ne3+ Kf6 55. Nd5+ Kf5 56. Nxc3 Rf3 57. Bc2+ Kg4 58. Bd1 Kxg3 59. Ne4+
Kf4 60. Bxf3 Kxf3 61. Ke5 Kg4 62. Ng5 Kxh4 63. Kf4 1/2-1/2

[Event "Fujairah Masters 2012"]
[Site "Fujairah City UAE"]
[Date "2012.11.17"]
[Round "5.2"]
[White "Tkachiev, Vladislav"]
[Black "Bacrot, Etienne"]
[Result "0-1"]
[WhiteTitle "GM"]
[BlackTitle "GM"]
[WhiteElo "2659"]
[BlackElo "2702"]
[WhiteFideId "618438"]
[BlackFideId "605506"]
[EventDate "2012.11.13"]

1. d4 Nf6 2. c4 g6 3. g3 d5 4. cxd5 Nxd5 5. Bg2 Bg7 6. Nf3 Nb6 7. Nc3 Nc6 8. e3
O-O 9. O-O Re8 10. d5 Na5 11. Nd4 Bd7 12. Qc2 Qc8 13. Rb1 c5 14. Nde2 e6 15. Nf4
exd5 16. Ncxd5 Nac4 17. Nxb6 Nxb6 18. b3 Bc6 19. e4 Bb5 20. Re1 c4 21. Bb2 c3
22. Ba1 Rd8 23. e5 g5 24. a4 Ba6 25. Nh5 Bd3 26. Qxc3 Qxc3 27. Bxc3 Bxb1 28.
Nxg7 Kxg7 29. e6+ f6 30. Rxb1 Rd3 31. Ba5 Re8 32. Bxb6 axb6 33. Bf1 Rd6 34. Bc4
Kf8 35. Re1 Ke7 36. h3 Rd4 37. Re3 Rc8 38. Kg2 h5 39. Rf3 h4 40. gxh4 Rxh4 41.
Rf5 Rc5 42. Rf3 Rd4 43. Kg3 Re5 44. Kg2 Rd1 45. Kh2 f5 46. Kg2 Kf6 47. Rc3 Ree1
48. Kf3 Rh1 49. Ke2 Rc1 50. Rxc1 Rxc1 51. Kf3 Re1 52. Kg2 Ke7 53. Kg3 Rg1+ 54.
Kh2 Rc1 55. Kg3 Rc3+ 56. Kg2 Kf6 57. Bd5 Rc5 58. Bc4 Re5 59. Kf3 Kg6 60. Kg2 Kh5
61. Kg3 f4+ 62. Kh2 Kg6 63. Kg2 Kf6 64. Kf3 Kf5 65. Kg2 Ke4 66. Kg1 f3 67. Kh2
Kf4 68. Kg1 Re1+ 69. Kh2 b5 70. axb5 b6 71. Bd5 Rf1 72. Bc4 Rxf2+ 73. Kg1 Kg3
74. e7 Rd2 0-1

[Event "Fujairah Masters 2012"]
[Site "Fujairah City UAE"]
[Date "2012.11.17"]
[Round "5.3"]
[White "Moiseenko, Alexander"]
[Black "Zherebukh, Yaroslav"]
[Result "1-0"]
[WhiteTitle "GM"]
[BlackTitle "GM"]
[WhiteElo "2702"]
[BlackElo "2627"]
[WhiteFideId "14102560"]
[BlackFideId "14116804"]
[EventDate "2012.11.13"]

1. d4 d5 2. c4 c6 3. Nf3 Nf6 4. Nc3 a6 5. c5 g6 6. h3 Bg7 7. Bf4 Bf5 8. e3 Nbd7
9. Be2 O-O 10. O-O Ne4 11. Qb3 Qc8 12. Rfd1 h6 13. Bh2 g5 14. Na4 Bg6 15. Ne1 f5
16. f3 Nef6 17. Nd3 Ra7 18. Kh1 Nh5 19. Nb6 Nxb6 20. cxb6 Ra8 21. Nc5 g4 22.
fxg4 Nf6 23. Bd3 e6 24. Rf1 Rf7 25. Qc2 Ne4 26. Bxe4 dxe4 27. Qb3 fxg4 28. hxg4
e5 29. dxe5 Qxg4 30. Rxf7 Bxf7 31. e6 Bh5 32. Nxb7 Qh4 33. Kg1 Bf3 34. e7+ Kh8 1-0

[Event "Fujairah Masters 2012"]
[Site "Fujairah City UAE"]
[Date "2012.11.17"]
[Round "5.4"]
[White "Ma, Qun"]
[Black "Kryvoruchko, Yuriy"]
[Result "1/2-1/2"]
[BlackTitle "GM"]
[WhiteElo "2534"]
[BlackElo "2679"]
[WhiteFideId "8603154"]
[BlackFideId "14109182"]
[EventDate "2012.11.13"]

1. e4 e5 2. Nf3 Nc6 3. Bb5 Nf6 4. O-O Nxe4 5. Re1 Nd6 6. Nxe5 Nxe5 7. Rxe5+ Be7
8. Bf1 O-O 9. Nc3 Bf6 10. Re1 Nf5 11. Nd5 d6 12. c3 Bg5 13. d4 c6 14. Ne3 Re8
15. Nxf5 Rxe1 16. Nh6+ Bxh6 17. Qxe1 Bxc1 18. Qxc1 Bd7 19. Qd2 Qf6 20. Re1 Re8
21. Rxe8+ Bxe8 22. Qe3 Bd7 23. Bd3 Qe6 24. Qxe6 Bxe6 25. a3 g5 26. f4 f6 27. Kf2
h6 28. Ke3 Kf8 29. b4 Ke7 30. c4 b6 31. Ke4 1/2-1/2

[Event "Fujairah Masters 2012"]
[Site "Fujairah City UAE"]
[Date "2012.11.17"]
[Round "5.5"]
[White "Le, Quang Liem"]
[Black "Safarli, Eltaj"]
[Result "1-0"]
[WhiteTitle "GM"]
[BlackTitle "GM"]
[WhiteElo "2705"]
[BlackElo "2626"]
[WhiteFideId "12401137"]
[BlackFideId "13402129"]
[EventDate "2012.11.13"]

1. Nf3 Nf6 2. c4 c5 3. g3 b6 4. Bg2 Bb7 5. O-O Nc6 6. Nc3 g6 7. e3 Bg7 8. d4
cxd4 9. exd4 O-O 10. Re1 e6 11. b3 d5 12. Ba3 Re8 13. Ne5 Bf8 14. Bxf8 Rxf8 15.
Nxc6 Bxc6 16. b4 Rb8 17. Rb1 Ba8 18. c5 bxc5 19. dxc5 d4 20. Ne4 Bxe4 21. Bxe4
e5 22. Qf3 Nxe4 23. Qxe4 Re8 24. c6 f5 25. Qc2 Qd5 26. a4 e4 27. b5 d3 28. Qd2
Rec8 29. Rec1 a6 30. c7 Rb6 31. Qb4 axb5 32. axb5 f4 33. Rc5 Qe6 34. Qc3 Rd6 35.
Re5 Qa2 36. Re7 Qxb1+ 37. Kg2 f3+ 38. Kh3 Qf1+ 39. Kg4 h5+ 40. Kg5 1-0

[Event "Fujairah Masters 2012"]
[Site "Fujairah City UAE"]
[Date "2012.11.17"]
[Round "5.6"]
[White "Jobava, Baadur"]
[Black "Andriasian, Zaven"]
[Result "1-0"]
[WhiteTitle "GM"]
[BlackTitle "GM"]
[WhiteElo "2710"]
[BlackElo "2604"]
[WhiteFideId "13601520"]
[BlackFideId "13302000"]
[EventDate "2012.11.13"]

1. b3 e5 2. Bb2 Nc6 3. e3 Nf6 4. Bb5 Bd6 5. Na3 Na5 6. Be2 a6 7. Nf3 Qe7 8. Nb1
O-O 9. d4 exd4 10. Nxd4 Be5 11. Nc3 b5 12. Nf3 Bb7 13. Nxe5 Qxe5 14. Bf3 Qf5 15.
Bxb7 Nxb7 16. O-O Rfe8 17. Ne2 Nc5 18. f3 d6 19. e4 Qg5 20. Ng3 Rad8 21. Nf5 Ne6
22. g4 Qf4 23. Qe1 Ng5 24. Kg2 Ne6 25. Rd1 Nd7 26. h4 f6 27. Kh1 g6 28. Bc1 Qe5
29. Nh6+ Kg7 30. g5 b4 31. Ng4 Qc3 32. Qf2 h5 33. Rd3 Qa1 34. gxf6+ Kh7 35. Qd2
Ndf8 36. f7 1-0

[Event "Fujairah Masters 2012"]
[Site "Fujairah City UAE"]
[Date "2012.11.17"]
[Round "5.8"]
[White "Gupta, Abhijeet"]
[Black "Yu, Ruiyuan"]
[Result "1/2-1/2"]
[WhiteTitle "GM"]
[BlackTitle "GM"]
[WhiteElo "2667"]
[BlackElo "2538"]
[WhiteFideId "5010608"]
[BlackFideId "8603090"]
[EventDate "2012.11.13"]

1. d4 d5 2. c4 c6 3. Nf3 Nf6 4. Nc3 dxc4 5. a4 Bf5 6. Nh4 Bg4 7. h3 Bh5 8. g4
Bg6 9. Nxg6 hxg6 10. e4 e5 11. Bxc4 exd4 12. e5 Bb4 13. exf6 dxc3 14. Qxd8+ Kxd8
15. O-O gxf6 16. Rd1+ Ke7 17. bxc3 Bc5 18. Kg2 Nd7 19. Bxf7 Ne5 20. Bb3 Rad8 21.
Bf4 g5 22. Bg3 Ng6 23. Ra2 Rxd1 24. Re2+ Kf8 25. Bxd1 Nh4+ 26. Kf1 Ng6 27. Rb2
b6 28. Kg2 Kf7 29. Bf3 Nh4+ 30. Bxh4 Rxh4 31. Rd2 Ke6 32. Bxc6 Rh8 33. Bd5+ Kd6
34. c4 a5 35. Rd3 Kc7 36. Rf3 Bd4 37. Rf5 Re8 38. Kf1 Re5 39. Rf3 Re7 40. Rd3
Bc5 41. Rd2 Rh7 42. Kg2 Re7 43. Bf3 Re1 44. Bd1 Re4 45. Rc2 Re1 46. Rd2 Re4 47.
Be2 Rf4 48. f3 Rd4 49. Bd3 Kd6 50. Kg3 Ke7 51. Rd1 Kf8 52. Kg2 Ke7 53. Kf1 Kd6
54. Ke2 Ke5 55. Rh1 Rd8 56. h4 gxh4 57. Rxh4 Kd4 58. g5+ Kc3 59. g6 Re8+ 60. Re4
Rxe4+ 61. Bxe4 Bf8 62. Bd5 Kb4 63. Bc6 Kxc4 64. Ke3 Kc5 65. Bb5 Kd6 66. Ke4 Ke7
67. Kf5 Bh6 68. Bc4 Kf8 69. f4 Bg7 70. Bd3 Ke7 71. Bc2 Kd6 72. Bb3 Ke7 73. Ke4
Kd6 74. Kd4 f5+ 75. Kc4 Ke7 76. Kb5 Bd4 1/2-1/2

[Event "Fujairah Masters 2012"]
[Site "Fujairah City UAE"]
[Date "2012.11.17"]
[Round "5.9"]
[White "Sumets, Andrey"]
[Black "Mchedlishvili, Mikheil"]
[Result "1/2-1/2"]
[WhiteTitle "GM"]
[BlackTitle "GM"]
[WhiteElo "2622"]
[BlackElo "2639"]
[WhiteFideId "14105500"]
[BlackFideId "13600966"]
[EventDate "2012.11.13"]

1. d4 Nf6 2. c4 e6 3. g3 d5 4. Nf3 Bb4+ 5. Bd2 Be7 6. Bg2 c6 7. O-O Nbd7 8. Nc3
dxc4 9. a4 O-O 10. a5 c5 11. e3 cxd4 12. exd4 Nd5 13. Qe2 b5 14. Nxb5 Ba6 15.
Na3 Bxa3 16. Rxa3 Rb8 17. Bc3 Qc8 18. Qd2 Rd8 19. Rc1 N7f6 20. Ne5 Nd7 21. Nf3
Qc7 22. Bf1 Qd6 23. Ra4 Rdc8 24. Qc2 Bb5 25. Raa1 h6 26. Nd2 N7f6 27. Nf3 Ba6
28. Ne5 Nd7 29. Nf3 Rc7 30. Qa4 Rbc8 31. Rc2 Bb7 32. Bg2 N5f6 33. Bd2 Bc6 34.
Qa2 Be4 35. Bf4 Qa6 36. Rcc1 Rc6 37. Qa3 Nd5 38. Bd2 Rb8 39. Bc3 Rcc8 40. Qa4
N7f6 41. Nd2 Bxg2 42. Kxg2 Rc7 43. Kg1 Rbc8 44. Rc2 Rc6 45. Rac1 Qb7 46. Qa2 a6
47. Re1 R6c7 48. Rec1 h5 49. h4 Ng4 50. Qa3 Rb8 51. Qa2 Rbc8 52. Qa3 Qa8 53. Nf1
Ngf6 54. Bb4 Ne4 55. Ne3 Nxe3 56. Qxe3 Qb7 57. Ba3 Qd5 58. Bc5 Nd6 59. Qf4 Nb7
60. Bb6 Rc6 61. Qe5 Nd6 62. Re2 Qb5 63. Rd1 Qb3 64. Ree1 c3 65. bxc3 Nc4 66.
Qxh5 Nxb6 67. axb6 Qxb6 68. d5 exd5 69. Re7 Rf8 70. Qxd5 Rxc3 1/2-1/2

[Event "Fujairah Masters 2012"]
[Site "Fujairah City UAE"]
[Date "2012.11.17"]
[Round "5.10"]
[White "Parligras, Mircea-Emilian"]
[Black "Bakre, Tejas"]
[Result "1/2-1/2"]
[WhiteTitle "GM"]
[BlackTitle "GM"]
[WhiteElo "2635"]
[BlackElo "2481"]
[WhiteFideId "1204297"]
[BlackFideId "5004195"]
[EventDate "2012.11.13"]

1. d4 d5 2. c4 c6 3. Nf3 Nf6 4. e3 Bf5 5. Nc3 e6 6. Nh4 Bg6 7. Nxg6 hxg6 8. Bd3
Nbd7 9. O-O Bd6 10. h3 O-O 11. c5 Bc7 12. b4 e5 13. b5 e4 14. Be2 Bb8 15. bxc6
Qc7 16. g3 Qxc6 17. Ba3 Rd8 18. Qa4 Qc8 19. Kg2 Nf8 20. Rab1 Ne6 21. Qb3 Ng5 22.
Rh1 Rd7 23. Nb5 a6 24. Nc3 Qe8 25. Na4 Ba7 26. Nb6 Bxb6 27. cxb6 Rc8 28. h4 Nf3
29. Qd1 Rdd8 30. Bc5 Rc6 31. Rb2 Nd7 32. Bxf3 exf3+ 33. Qxf3 Nxc5 34. dxc5 Rxc5
35. Rb4 Rd6 36. h5 Rf6 37. Rf4 Rxf4 38. Qxf4 Rc6 39. hxg6 Rxg6 40. Rd1 Rf6 41.
Qd4 Qc6 42. a4 Qxb6 43. Qxd5 Qc6 44. Qxc6 Rxc6 45. Rd8+ Kh7 46. Rd7 f6 47. Rxb7
Rc4 48. f4 Rxa4 49. Kf3 Ra1 50. Ra7 a5 51. e4 a4 52. e5 fxe5 53. fxe5 a3 54. e6
Re1 55. Rxa3 1/2-1/2

[Event "Fujairah Masters 2012"]
[Site "Fujairah City UAE"]
[Date "2012.11.17"]
[Round "5.11"]
[White "Saric, Ivan"]
[Black "Ghaem Maghami, Ehsan"]
[Result "1-0"]
[WhiteTitle "GM"]
[BlackTitle "GM"]
[WhiteElo "2622"]
[BlackElo "2559"]
[WhiteFideId "14508150"]
[BlackFideId "12500739"]
[EventDate "2012.11.13"]

1. e4 e5 2. Nf3 Nc6 3. Bb5 a6 4. Ba4 d6 5. O-O Nf6 6. c3 g6 7. d4 Bd7 8. Qe2 Bg7
9. Bxc6 Bxc6 10. dxe5 Nxe4 11. Nd4 d5 12. Nd2 Nxd2 13. Bxd2 O-O 14. Nxc6 bxc6
15. f4 Re8 16. Rae1 Qd7 17. Qd3 a5 18. Be3 Re6 19. a4 Rb8 20. Qd2 f6 21. exf6
Bxf6 22. f5 gxf5 23. Rxf5 Qe7 24. Ref1 Rxe3 25. Rxf6 Re2 26. Qf4 Qe3+ 27. Qxe3
Rxe3 28. R1f4 Re7 29. Rg4+ Kh8 30. h3 c5 31. Rc6 c4 32. Rc5 Rd7 33. Rxa5 c6 34.
Ra6 Rc7 35. a5 h5 36. Rg5 Rxb2 37. Ra8+ Kh7 38. Rxh5+ Kg6 39. Rah8 Rg7 40. R8h6+
Kf7 41. Rf5+ Ke7 42. Rf2 Rb1+ 43. Kh2 Kd7 44. a6 Kc7 45. Rff6 Kb6 46. Rxc6+ Ka7
47. Rhg6 Rxg6 48. Rxg6 Rb6 49. Rxb6 Kxb6 50. Kg1 d4 51. Kf2 dxc3 52. Ke2 Kxa6
53. Kd1 1-0

[Event "Fujairah Masters 2012"]
[Site "Fujairah City UAE"]
[Date "2012.11.18"]
[Round "6.1"]
[White "Bacrot, Etienne"]
[Black "Fedorchuk, Sergey A."]
[Result "1/2-1/2"]
[WhiteTitle "GM"]
[BlackTitle "GM"]
[WhiteElo "2702"]
[BlackElo "2652"]
[WhiteFideId "605506"]
[BlackFideId "14102536"]
[EventDate "2012.11.13"]

1. d4 Nf6 2. c4 e6 3. Nf3 Bb4+ 4. Bd2 Bxd2+ 5. Qxd2 d5 6. g3 Nbd7 7. Bg2 c6 8.
O-O b6 9. Rc1 O-O 10. b4 Bb7 11. Qb2 Qb8 12. Nbd2 Rc8 13. Ne5 Nxe5 14. dxe5 Nd7
15. f4 a5 16. b5 cxb5 17. cxd5 Bxd5 18. Bxd5 exd5 19. Qxb5 Qb7 20. Nb3 Rc4 21.
Rxc4 dxc4 22. Qxc4 b5 23. Qd4 a4 24. Nd2 b4 25. Nc4 h6 26. Nd6 Qb6 27. Qxb6 Nxb6
28. Rb1 Nd5 29. e4 Nc3 30. Rxb4 Nxa2 31. Rc4 a3 32. Nb5 g5 33. f5 Nb4 34. Nxa3
Nd3 35. e6 fxe6 36. fxe6 Ne5 37. Rc5 Nf3+ 38. Kg2 Nd4 39. e7 Kf7 40. Nb5 Ra2+
41. Kh3 Nxb5 42. Rxb5 Kxe7 43. Rb7+ Kf6 44. Rb6+ Kg7 45. Kg4 Rxh2 46. e5 Rf2 47.
Rd6 Rf1 48. e6 Kf6 49. e7+ Kxe7 50. Rxh6 Kf7 51. Kxg5 Kg7 52. Rg6+ Kh7 53. g4
Ra1 54. Rd6 Kg7 55. Rd7+ Kg8 56. Kh5 Ra6 57. g5 Rb6 58. Rd5 Kg7 59. Rd7+ Kg8 60.
Kg4 Ra6 61. Kf5 Rb6 62. Re7 Ra6 63. g6 Ra1 64. Re4 Rf1+ 65. Rf4 Rxf4+ 66. Kxf4
Kg7 67. Kg5 Kg8 68. g7 Kxg7 1/2-1/2

[Event "Fujairah Masters 2012"]
[Site "Fujairah City UAE"]
[Date "2012.11.18"]
[Round "6.2"]
[White "Moiseenko, Alexander"]
[Black "Ganguly, Surya Shekhar"]
[Result "1/2-1/2"]
[WhiteTitle "GM"]
[BlackTitle "GM"]
[WhiteElo "2702"]
[BlackElo "2619"]
[WhiteFideId "14102560"]
[BlackFideId "5002150"]
[EventDate "2012.11.13"]

1. d4 d5 2. c4 dxc4 3. Nf3 Nf6 4. e3 e6 5. Bxc4 c5 6. O-O a6 7. Bb3 Be7 8. Nc3
O-O 9. e4 Nc6 10. dxc5 Nd7 11. Ba4 Nxc5 12. Bxc6 bxc6 13. Be3 Qc7 14. Qc2 a5 15.
Rfc1 Ba6 16. Bxc5 Bxc5 17. Na4 Be7 18. Nc5 Rfb8 19. Nxa6 Rxa6 20. Qe2 Rab6 21.
Rc2 a4 22. g3 h6 23. Rd1 Bf6 24. e5 Be7 25. Rdd2 Bb4 26. Rd4 Qb7 27. Qd3 Bf8 28.
Rd7 Qc8 29. Rc4 R6b7 30. Rxb7 Qxb7 1/2-1/2

[Event "Fujairah Masters 2012"]
[Site "Fujairah City UAE"]
[Date "2012.11.18"]
[Round "6.6"]
[White "Ehlvest, Jaan"]
[Black "Gupta, Abhijeet"]
[Result "1/2-1/2"]
[WhiteTitle "GM"]
[BlackTitle "GM"]
[WhiteElo "2597"]
[BlackElo "2667"]
[WhiteFideId "4500016"]
[BlackFideId "5010608"]
[EventDate "2012.11.13"]

1. d4 Nf6 2. Nf3 g6 3. Bg5 Bg7 4. e3 d5 5. Be2 O-O 6. O-O c5 7. c3 Qb6 8. Qb3 c4
9. Qa3 Nc6 10. Nbd2 Bf5 11. b3 cxb3 12. axb3 h6 13. Bh4 a5 14. h3 Rfe8 15. Bg3
Ne4 16. Nxe4 Bxe4 17. Nd2 Bf5 18. Bf3 Red8 19. e4 dxe4 20. Nxe4 Be6 21. Nc5 Bd5
22. Na4 Qa6 23. Nc5 Qa7 24. Bc7 Bxf3 25. Bxd8 Bd5 26. Bc7 b6 27. c4 bxc5 28.
cxd5 Nxd4 29. Qxa5 Ne2+ 30. Kh2 Bxa1 31. Rxa1 Qxa5 32. Rxa5 Rxa5 33. Bxa5 Nd4
34. b4 c4 35. Bb6 Nb5 36. Kg3 Nc3 37. Kf3 Kf8 38. Bc5 Ke8 39. Ke3 Nb5 40. g4 Kd7
41. Ke4 e6 42. Be3 h5 43. gxh5 gxh5 44. Bg5 Kd6 45. Bf4+ Ke7 46. Be3 f6 47. Bc5+
Kd7 48. Be3 Ke7 49. dxe6 Kxe6 50. h4 f5+ 51. Kf4 Nc7 52. Kg5 c3 53. Bc1 f4 54.
Kxh5 Kf5 55. Kh6 f3 56. h5 Kf6 57. Kh7 Kf7 58. Kh6 Kf6 59. Kh7 Kf7 60. Kh6 1/2-1/2

[Event "Fujairah Masters 2012"]
[Site "Fujairah City UAE"]
[Date "2012.11.18"]
[Round "6.7"]
[White "Yu, Ruiyuan"]
[Black "Tkachiev, Vladislav"]
[Result "1/2-1/2"]
[WhiteTitle "GM"]
[BlackTitle "GM"]
[WhiteElo "2538"]
[BlackElo "2659"]
[WhiteFideId "8603090"]
[BlackFideId "618438"]
[EventDate "2012.11.13"]

1. e4 d6 2. d4 g6 3. Nc3 Bg7 4. f4 Nf6 5. Nf3 O-O 6. Bd3 Na6 7. O-O c5 8. d5 Bg4
9. h3 Bxf3 10. Qxf3 Nb4 11. a3 Nxd3 12. Qxd3 a6 13. a4 Qc7 14. Be3 Rfe8 15. Rae1
Rad8 16. Bf2 Qa5 17. Ra1 Nd7 18. Ra3 Rc8 19. Qf3 Rb8 20. Rb1 Qc7 21. Nd1 b5 22.
axb5 axb5 23. Rba1 Nb6 24. Ra7 Rb7 25. Rxb7 Qxb7 26. Qd3 Ra8 27. Rxa8+ Nxa8 28.
Qa3 Nc7 29. Ne3 h5 30. b3 Bh6 31. g3 h4 32. Ng4 Bg7 33. gxh4 e6 34. Qa5 exd5 35.
exd5 b4 36. h5 gxh5 37. Ne3 Bf8 38. f5 Nxd5 39. Qd8 Nxe3 40. Qg5+ Bg7 41. Bxe3
Qf3 42. Bf2 Kh7 43. h4 Be5 44. Be3 Qd1+ 45. Kf2 Qxc2+ 46. Kf3 Qd1+ 47. Ke4 Qg4+
48. Kd5 Qf3+ 49. Kc4 Qe4+ 50. Kb5 Qg4 51. Qh6+ Kg8 52. Bg5 Qxf5 53. Qxh5 Qd3+
54. Kb6 c4 55. bxc4 b3 56. Bc1 Qxc4 57. Qg5+ Bg7 58. Ba3 b2 59. Bxb2 Qc5+ 60.
Qxc5 dxc5 61. Bxg7 Kxg7 62. Kxc5 Kg6 63. Kd5 Kh5 64. Ke5 Kxh4 65. Kf6 1/2-1/2